000 00447nmm a2200157Ia 4500
008 251105s9999||||xx |||||||||||||||||und||
041 _aspa
100 _aLuxemburg, Rosa
245 0 _aRevolución en el burgo
264 _a[Madrid, España] :
_bAkal,
_c2015
300 _a160 páginas
490 _aClásicos del Pensamiento Político
650 _aHistory of Europe
856 _uhttps://public.digitaliapublishing.com/a/60739
942 _cCF
999 _c98725
_d98725